000 00717nam a22001337a 4500
040 _cRUA
082 _aVEM KHO 2024 B1-330 Or.
100 _aKHOUN KIMHOUN,ឃន គឹមហ៊ន
245 _a CASE OF ESCHERICHIA COLI-ANTIBIOTICS RESISTANCE IN LAYER DUCK AT PUR RIENG DISTICT, PREY VENG PROVINCE,ករណី ESCHERICHIA COLI .​ស៊ាំនឹង​ឱសថអង់ទីប៊ីយ៉ូទិកលើទាផ្តល់ស៊ុត នៅស្រុកពោធិ៍រៀង ខេត្តព្រៃវែង
260 _aphnom penh
_brua
_c2024
300 _aix.34p.
_bill.
_c29cm.
856 _uhttps://drive.google.com/file/d/1iyzOLNKt4OhuEws-MLp9QMVgs8z7kbG_/view?usp=sharing
942 _cVEM
999 _c24753
_d24753